Sinh học

Gardado en:
Detalles Bibliográficos
Autor Principal: Phillips, W.D
Formato: Libro
Idioma:Undetermined
Publicado: Hà Nội Giáo dục 2004
Những chủ đề:
Các nhãn: Engadir etiqueta
Sen Etiquetas, Sexa o primeiro en etiquetar este rexistro!
Thư viện lưu trữ: Trung tâm Học liệu Trường Đại học Cần Thơ
LEADER 00458nam a2200181Ia 4500
001 CTU_92471
008 210402s9999 xx 000 0 und d
082 |a 570 
082 |b P554/T.2 
100 |a Phillips, W.D 
245 0 |a Sinh học 
245 0 |c W.D Phillips, T.J. Chilton 
260 |a Hà Nội 
260 |b Giáo dục 
260 |c 2004 
650 |a Biology 
904 |i Tuyến 
980 |a Trung tâm Học liệu Trường Đại học Cần Thơ